Aussenwirtschaft schweizerische Zeitschrift für internationale Wirtschaftsbeziehungen = The Swiss Review of International Economic Relations

Guardado en:
Detalles Bibliográficos
Formato: Seriadas
Lenguaje:alemán
inglés
Publicado: Zürich Rüegger 1998
Materias:
Etiquetas: Agregar Etiqueta
Sin Etiquetas, Sea el primero en etiquetar este registro!

MARC

LEADER 00000nas2a2200000 4500
001 s122140
005 20231103122520.6
022 |a 0004-8216 
041 0 |a ger 
041 0 |a eng 
044 |a CH 
245 1 0 |a Aussenwirtschaft  |b schweizerische Zeitschrift für internationale Wirtschaftsbeziehungen = The Swiss Review of International Economic Relations 
264 1 |a Zürich  |b Rüegger  |c 1998 
300 |a 1 zv. 
773 0 |w eu_un_cat*s120084 
610 2 0 |a vzťahy hospodárske medzinárodné 
610 2 0 |a politika zahraničnohospodárska 
610 2 0 |a obchod zahraničný